Images par lettre - F - Statistiques

Statistiques générales
  • Ce quiz a été pris 446 fois
  • Le résultat moyen est 13 sur 15
Statistiques - réponses
Par images Réponse % Correct
France
100%
Frite
99%
Fraise
98%
Framboise
98%
Feu
96%
Facebook
95%
Finlande
95%
Fée
94%
Flan
92%
Fruit
91%
Fleur
88%
Faucon
87%
Firefox
86%
Florence
51%
Fidji
46%
Aucun quiz correspondant
Distribution des résultats
% des personnes avec chaque résultat
Percentile par nombre de réponses
Votre historique - résultats
Vous n’avez pas pris ce quiz